| 000 | 00643nam a22001937a 4500 | ||
|---|---|---|---|
| 005 | 20100820135517.0 | ||
| 010 | _aENG-101020 | ||
| 020 | E | _c160.00 | |
| 035 | _aEN-84553 | ||
| 037 | _bDBAD/PUB | ||
| 082 | _a954.51 | ||
| 100 |
_aSarma, Pradip _915531 |
||
| 245 |
_aAssam and Indochina / _cby Pradip Sarma |
||
| 260 |
_aGuwahati _bPublication Board Assam _c2008 |
||
| 270 |
_bGuwahati _e781021 |
||
| 300 |
_a205p.: _bill. _c22cm (Hb) _eb&w photos |
||
| 942 |
_2ddc _cEN _h954.51 _mSAR |
||
| 999 |
_c42690 _d42690 |
||